Flying Cadets, Pilot Training, Army Air Corps.

Bibliographic Details
Corporate Author: United States. Adjutant General's Department
Format: Government Document eBook
Language:English
Published: [Washington] : [s.n.], 1942.
Subjects:
Online Access:Electronic resource (PDF)

MARC

Tag First Indicator Second Indicator Subfields
LEADER 00000cam a22000001i 4500
001 in00003933821
006 m d f
007 cr bn mmmapmmp
008 420803s1942 dcu o f000 0 eng d
005 20250210233510.6
035 |a ebd19401453832 
040 |a UMI  |c UMI  |e rda  |d UtOrBLW 
086 0 |a W 3.2:F 67/2/941 
099 |a W3.2..F67_2_941 
110 1 |a United States.  |b Adjutant General's Department.  |0 http://id.loc.gov/authorities/names/no2015057832 
245 1 0 |a Flying Cadets, Pilot Training, Army Air Corps. 
264 1 |a [Washington] :  |b [s.n.],  |c 1942. 
300 |a 1 online resource (18 pages), digital, PDF file 
336 |a text  |b txt  |2 rdacontent 
337 |a computer  |b c  |2 rdamedia 
338 |a online resource  |b cr  |2 rdacarrier 
533 |a Electronic reproduction.  |b [Bethesda, Md.] :  |c ProQuest,  |d 2016  |e digital, PDF file.  |n ProQuest U.S. Executive Branch Documents  |n Mode of access: World Wide Web via ProQuest website. 
588 |a Record is based on online resource; title from PDF title page (ProQuest, last viewed Nov. 2016). Reuse except for individual research requires license from ProQuest, LLC. 
650 0 |a Armies.  |0 http://id.loc.gov/authorities/subjects/sh85007309 
650 0 |a Military education.  |0 http://id.loc.gov/authorities/subjects/sh85085189 
650 0 |a Air pilots.  |0 http://id.loc.gov/authorities/subjects/sh85002673 
650 0 |a Aeronautics, Military.  |0 http://id.loc.gov/authorities/subjects/sh85001371 
856 4 0 |u http://proxy.library.tamu.edu/login?url=http://congressional.proquest.com/congressional/docview/t66.d71.w3.2..f67_2_941?  |y Electronic resource (PDF)  |t 0 
999 f f |s 0195d8dc-00a5-30c3-b7a7-d36831fbefea  |i 2d642d2d-eb36-38a7-9d10-b07f65e598eb  |t 0 
952 f f |a Texas A&M University  |b College Station  |c Electronic Resources  |d Available Online  |t 0  |h No information provided 
998 f f |t 0  |l Available Online